Kío y Agus

সংরক্ষণ করুন:
গ্রন্থ-পঞ্জীর বিবরন
প্রধান লেখক: Lipman, Matthew (autor)
বিন্যাস: গ্রন্থ
ভাষা:স্প্যানিশ
প্রকাশিত: Buenos Aires Ediciones Novedades Educativas 2011
সংস্করন:1a. ed
বিষয়গুলি:
ট্যাগগুলো: ট্যাগ যুক্ত করুন
কোনো ট্যাগ নেই, প্রথমজন হিসাবে ট্যাগ করুন!

MARC

LEADER 00000cam a2200000 a 4500
001 UCC3484
003 CL-VaPUC
008 180527e20110000ag |||||||||||||||||spa|d
020 |a 9789875380059 
082 0 4 |a 808.0683  |b LIP  |2 21 
100 |a Lipman, Matthew  |e autor  |9 414481 
245 1 0 |a Kío y Agus 
250 |a 1a. ed 
300 |a 63 p 
942 |c BK 
945 |d 20180527 18:33:00  |a dcastane 
260 |a Buenos Aires  |b Ediciones Novedades Educativas  |c 2011 
650 0 |a Literatura infantil   |9 307465 
650 7 |a FILOSOFIA PARA NIÑOS  |2 CL-VaPUC  |9 597492 
583 |a last modification  |c 20180527 18:33:00  |k Rodrigo Vera 
999 |c 371182  |d 371180 
952 |0 0  |1 0  |3 erb  |4 0  |6 808_068300000000000_LIP_2011  |7 0  |8 A  |9 488099  |a BIBEDU  |b BIBEDU  |i 5470358  |o 808.0683 LIP 2011  |p 5470358  |r 2019-11-24  |w 2019-11-24  |y BK  |z Catalogado en:20180527  |k FIL